000 02419cam a22002294a 4500
005 20250605164203.0
008 250528s ||||||||||||||||||||||||d
035 _a19802
020 _a205120563
040 _aGR-AtMCL
_bgre
_dGR-AtMCL
_eAACR2
245 1 _aManagement and Organizational Behavior
260 _bΕκδοτικές Επιχειρήσεις "Το Οικονομικό",
_c1990
300 _a754
505 0 _aIntroduction, Management and Organizational Behavior: An Overview, History of Management and Organizational Behavior, The Manager's Environment, Social Responsibility and Business Ethics, The Management Process, The Planning Process, Strategic Planning, Managerial Decision Making, The Organizing Process, Organizing Structure, Staffing the Organization, The Controlling Process, Controlling Techniques, Communication and the Influencing Process, Management and Individual Behavior, Understanding Perception and Attribution and Learning, Motivation, Individual Differences and Development and Stress, Management and Group Behavior, Group Performance and Intergroup Behavior and Conflict, Leadership, Power and Organizational Politics, Management and Behavior at the Organizational Level, Corporate Culture and Change and Development, Managing the Multinational Enterprise, Management Information Systems.
520 _aIntroduction, Management and Organizational Behavior: An Overview, History of Management and Organizational Behavior, The Manager's Environment, Social Responsibility and Business Ethics, The Management Process, The Planning Process, Strategic Planning, Managerial Decision Making, The Organizing Process, Organizing Structure, Staffing the Organization, The Controlling Process, Controlling Techniques, Communication and the Influencing Process, Management and Individual Behavior, Understanding Perception and Attribution and Learning, Motivation, Individual Differences and Development and Stress, Management and Group Behavior, Group Performance and Intergroup Behavior and Conflict, Leadership, Power and Organizational Politics, Management and Behavior at the Organizational Level, Corporate Culture and Change and Development, Managing the Multinational Enterprise, Management Information Systems.
700 1 _aMondy Wayne R
_9941
700 1 _aPremeaux R. Shane
_9942
700 1 _aSharplin Arhtur
_95987
942 _cBK
999 _c5051
_d5051